UBT Library

Websters New Compact Desk Dictionary And Style Guide (Record no. 47584)

000 -LEADER
fixed length control field 00326nam a22001337a 4500
008 - FIXED-LENGTH DATA ELEMENTS--GENERAL INFORMATION
fixed length control field 180906b xxu||||| |||| 00| 0 eng d
020 ## - INTERNATIONAL STANDARD BOOK NUMBER
International Standard Book Number 9780764598654
041 ## - LANGUAGE CODE
Language code of text/sound track or separate title eng
080 ## - UNIVERSAL DECIMAL CLASSIFICATION NUMBER
Universal Decimal Classification number 821
100 ## - Rafti
Rafti 23
101 ## - Shkurtesa
Shkurtesa FJA
245 ## - TITLE STATEMENT
Title Websters New Compact Desk Dictionary And Style Guide
Statement of responsibility, etc Agnes.m
942 ## - ADDED ENTRY ELEMENTS (KOHA)
Source of classification or shelving scheme
Item type Books
Holdings
Withdrawn status Lost status Source of classification or shelving scheme Damaged status Not for loan Collection code Permanent location Current location Shelving location Date acquired Total Checkouts Full call number Barcode Date last seen Price effective from Koha item type
          Koleksioni i përgjithshem UBT - Lipjan UBT - Lipjan Koleksioni i përgjithshem 09/06/2018   821 AGN 002-3011733 09/06/2018 09/06/2018 Books
UBT Library © 2015-2024. All rights reserved University Education for Business and Technology